| 000 | 00777nam a22002055i 4500 | ||
|---|---|---|---|
| 001 | 167631 | ||
| 003 | ES-MaACL | ||
| 005 | 20251017063111.0 | ||
| 008 | 990611s1837 be |||| | fre d | ||
| 040 |
_aCCPB | B _bspa _cCCPB | B |
||
| 100 | 2 |
_aVilleneuve-Bargemont, Alban de, _cVizconde _9133766 |
|
| 245 | 1 | 0 |
_aÉconomie politique chrétienne, ou recherches sur la nature et les causes du paupérisme en France et en Europe, ... / _cpar M. Le Vte. Alban de Villeneuve-Bargemont. |
| 260 |
_aBruxelles : _bMeline, Cans et Compagnie, _c1837. |
||
| 300 |
_a676 p., [8] h. de mapa pleg. ; _c26 cm. |
||
| 597 | _aAntep. | ||
| 597 | _aTexto a dos col. | ||
| 650 | 7 |
_aEconomía _2embne _912006 |
|
| 852 |
_aES-MaACL _jF-8486 _z-- Enc. hol. |
||
| 999 |
_c167631 _d167631 |
||